|
|
|
|
| LEADER |
00604nam a2200169 a 4500 |
| 001 |
000622087 |
| 003 |
CZ BrMZK |
| 005 |
20230425203738.0 |
| 008 |
020911s1928 xr f und d |
| 040 |
|
|
|a BOA001
|b cze
|c BOA001
|
| 100 |
1 |
|
|a Birčak, Volodymyr,
|d 1881-1945
|7 js2006303617
|4 aut
|
| 245 |
1 |
0 |
|a Ruska čitanka dlja gimnazij. i gorož. škol.
|n [T.] 4. /
|c Volodimir Birčak
|
| 260 |
|
|
|a Praha :
|b Státní nakladatelství,
|c 1928
|
| 300 |
|
|
|a 276 s.
|
| 910 |
|
|
|a BOA001
|b PK-II-0009.963,4-28
|
| 990 |
|
|
|a BK
|
| 996 |
6 |
|
|b BC-48628
|c PK-II-0009.963,4-28
|l MZK
|r Sklad / do 1 hodiny
|n 0
|w 000622087
|u 000010
|a 1
|e BOA001
|j MZK50
|s P
|